| 000 | 00575aam a2200205 4500 | ||
|---|---|---|---|
| 005 | 20161212104102.0 | ||
| 008 | 150504b xxu||||| |||| 00| 0 spa d | ||
| 041 | _aEspañol | ||
| 082 | _a972.867 S212h | ||
| 100 |
_aSánchez Pereira, Maureen _934926 |
||
| 245 | _aHistoria y acervo turístico en la Península de Osa | ||
| 260 |
_aCosta Rica _bEUNED _c2009 |
||
| 300 | _a85 páginas | ||
| 650 |
_aPENINSULA DE OSA _92228 |
||
| 650 |
_aPUNTARENAS _91062 |
||
| 650 |
_aPACIFICO SUR _934927 |
||
| 650 |
_aHISTORIA _943 |
||
| 650 |
_aCOMPAÑIA BANANERA _934928 |
||
| 942 | _cBK | ||
| 999 |
_c5095 _d5095 |
||